Statistics for Fruits grown in Jamaica and popular there

Click here to take the quiz!

General Stats

  • This quiz has been taken 97 times
  • The average score is 8 of 22

Answer Stats

HintAnswer% Correct
MMango
95%
OOrange
74%
O or A or OAOtaheite Apple
73%
BBanana
68%
PPineapple
51%
JJackfruit
41%
PPapaya
41%
GGuava
38%
WWatermelon
38%
TTangerine
36%
S AStar Apple
34%
J PJune Plum
27%
SSoursop
26%
TTamarind
26%
SStrawberry
25%
LLychee
19%
C ACustard Apple
16%
CCherry
15%
PPassionfruit
15%
SSweetsop
15%
NNaseberry
12%
PPomegranate
11%

Score Distribution

Percentile by Number Answered

Percent of People with Each Score

Your Score History

You have not taken this quiz